000 00847nam a2200265 i 4500
003 CO-BoRNBP
005 20250115075851.0
007 ta
008 250115s2019Uy |||a|||| |||| 00| 0 spa d
020 _a9789974894396
040 _aCO-BoRNBP
_bspa
_cCO-BoRNBP
_erda
041 _aspa
084 _aC CUE
245 _a¿Qué hora es?
_bUna fácil forma de aprender/
_cLatinbooks
250 _aPrimera edición
264 4 _aMontevideo, Uruguay
_bLatinbooks Internacional S.A.
_c2019
300 _a8 páginas,
_bilustraciones a color,
_calto 23 cm
336 _2rdacontent
_atexto
_btxt
337 _2rdamedia
_asin mediación
_bn
338 _2rdacarrier
_avolumen
_bnc
650 _2LEMB
_aLiteratura infantil
_92746
650 _2LEMB
_aCuento infantil
_916411
650 _2LEMB
_aInteractivo/aprender a leer la hora
_957509
942 _2ddc
_cBKINF
999 _c56729
_d56729